Sports Quiz

Random Sports or College Quiz
Score 0/39 Timer 10:00
0 Plays Today
Year Champion % Correct
2008 Florida
91.2%
2007 Louisiana State
89.8%
2005 Texas
88.9%
2006 Florida
88%
2004 Southern California
86.1%
2002 Ohio State
83.3%
2003 Southern California
82.9%
2001 Miami
81%
2000 Oklahoma
80.1%
1999 Florida State
79.2%
1998 Tennessee
75.9%
1997 Michigan
71.3%
1995 Nebraska
70.4%
1996 Florida
70.4%
1991 Miami
67.6%
1994 Nebraska
66.7%
1988 Notre Dame
66.2%
1993 Florida State
66.2%
1989 Miami
65.7%
1987 Miami
63.4%
Year Champion % Correct
1992 Alabama
61.1%
1990 Colorado
60.2%
1983 Miami
57.4%
1972 Southern California
56.9%
1986 Penn State
56%
1970 Nebraska
55.6%
1977 Notre Dame
55.6%
1980 Georgia
55.6%
1978 Alabama
55.1%
1971 Nebraska
53.2%
1974 Oklahoma
52.8%
1979 Alabama
52.8%
1985 Oklahoma
52.8%
1975 Oklahoma
51.9%
1973 Notre Dame
51.4%
1982 Penn State
50%
1984 Brigham Young
49.1%
1981 Clemson
45.4%
1976 Pittsburgh
41.7%

You're not logged in!

Compare scores with friends on all Sporcle quizzes.
OR
Log In

Sporcle TV

Today on Sporcle TV


Watch our educational content, quiz creation guides, and fun videos on Sporcle TV.

Show Comments

Extras

Top Quizzes Today


Score Distribution

Paid Content

Your Account Isn't Verified!

In order to create a playlist on Sporcle, you need to verify the email address you used during registration. Go to your Sporcle Settings to finish the process.

Report this User

Report this user for behavior that violates our Community Guidelines.

Details: